000 00637nam a2200205Ia 4500
005 20250701164521.0
008 008 250505s9999 xx 000 0 eng d
037 _aTextual
040 _aEASL
_beng
_cEASL
041 _aeng
_2eng
084 _aX61v41.N64<-N31, K6-;1
_qEASL
100 _aMiyashita Tadao
_9342149
245 0 _aCurrency and financial system of mainland China
260 _aUSA
_bWashington University of Washington Press
_c1966
300 _a278p.
365 _b9.5
490 _aInstitute of Asian Economic Affairs
942 _cTEXL
_hX61v41.N64<-N31, K6-;1
999 _c1433344
_d1433344